Cities by Latitude Longitude Coordinates #2 - Statistics

General Stats
  • This quiz has been taken 11 times
  • The average score is 10 of 20
Answer Stats
# Latitude Longitude Answer % Correct
1 41 N 29 E Istanbul
100%
6 25.2 N 55.3 E Dubai
75%
14 10.8 N 106.6 E Ho Chi Minh City
75%
7 56 N 3.2 W Edinburgh
63%
12 6.5 N 3.4 E Lagos
63%
5 37.8 S 145 E Melbourne
63%
2 25.8 N 80.2 W Miami
63%
8 31.2 N 29.9 E Alexandria
50%
19 6.8 S 39.2 E Dar Es Salaam
50%
15 24.9 N 67 E Karachi
50%
10 35.2 N 136.9 E Nagoya
50%
16 59.9 N 30.4 E St Petersburg
50%
4 45.4 N 12.3 E Venice
50%
3 13.1 N 80.3 E Chennai
38%
20 43.1 N 131.9 E Vladivostok
38%
17 16.8 N 96.2 E Yangon
38%
11 19.9 S 43.9 W Belo Horizonte
25%
18 6.2 N 75.6 W Medellin
25%
9 30.6 N 114.3 E Wuhan
25%
13 42.3 N 83 W Detroit
13%
No matching quizzes found
Score Distribution
Percent of People with Each Score
Percentile by Number Answered
Your Score History
You have not taken this quiz